Miasta w Polsce zakończone na -g na mapie - Statystyki

Ogólne statystyki
  • Ten quiz został rozwiązany 516 razy
  • Średni wynik to 5 z 7
Odpowiedzi na mapie
Odpowiedzi zakodowano w zielono-czerwonej skali na mapie do tego quizu, zgodnie z poniższymi procentami.
 
Statystyki odpowiedzi
Województwo Miasto % Poprawnych
Warmińsko-Mazurskie Elbląg
92%
Zachodniopomorskie Kołobrzeg
90%
Podkarpackie Tarnobrzeg
81%
Małopolskie Nowy Targ
79%
Opolskie Brzeg
76%
Warmińsko-Mazurskie Morąg
55%
Wielkopolskie Ostroróg
22%
Nie znaleziono quizów pasujących do podanych kryteriów
Rozkład punktacji
Procent ludzi z każdym wynikiem
Percentyl według liczby udzielonych odpowiedzi
Twoja historia wyników
Nie rozwiązałeś tego quizu